| 000 | 01016nam a2200217 a 4500 | ||
|---|---|---|---|
| 001 | 1001 | ||
| 003 | CDMR | ||
| 005 | 20131031113755.0 | ||
| 008 | 130130s1984||||||||||||||||||||||||||||d | ||
| 020 | _a843391202X | ||
| 040 |
_aCDMR _bcat _cCDMR |
||
| 100 | 1 |
_aWolfe, Tom _9786 |
|
| 245 | 1 | 3 |
_aEl nuevo periodismo _cTom Wolfe ; traducción de José Luis Guarner |
| 250 | _a3a ed | ||
| 260 |
_aBarcelona _c1984 _bAnagrama |
||
| 490 | 0 |
_aContraseñas _v2 |
|
| 505 | _aConté: ¿Duerme usted desnuda? / Rex Reed ; A la rica marihuana y otros sabores / Terry Southern ; Los ejércitos de la noche / Norman Mailer ; El general sale a exterminar a Charlie Cong / Nicholas Tomalin ; La Dolce Viva / Barbara L. Goldsmith ; Cómo se vende un presidente / Joe McGinnis ; Beth Ann y la macrobiótica / Robert Christgau ; El estudio / John Gregory Dunne ; La Izquierda Exquisita & Maumauando al parachoques / Tom Wolfe | ||
| 650 | 0 | 4 |
_9797 _aReportatges literaris |
| 650 | 0 | 4 |
_93430 _aPeriodistes _vRecull d'escrits |
| 942 |
_cMON _2udc |
||
| 999 |
_c1001 _d1001 |
||